|
|
|
|
| LEADER |
01231nam a2200337 4500 |
| 001 |
DLU180183869 |
| 005 |
##20180309 |
| 020 |
# |
# |
|a 9786047866953
|
| 040 |
# |
# |
|a DLU
|b vie
|
| 041 |
# |
# |
|a vie
|
| 044 |
# |
# |
|a vn
|
| 082 |
# |
# |
|a 305.895 922
|b NG-N
|
| 100 |
# |
# |
|a Nguyễn Hữu Nhàn.
|
| 245 |
# |
# |
|a Văn hóa dân gian dân tộc Dao ở Phú Thọ /
|c Nguyễn Hữu Nhàn, Phạm Thị Thiên Nga.
|
| 260 |
# |
# |
|a H. :
|b Mỹ thuật,
|c 2017.
|
| 300 |
# |
# |
|a 262 tr. :
|b minh họa màu ;
|c 21 cm.
|
| 504 |
# |
# |
|a Tài liệu tham khảo: tr. 249-250.
|
| 505 |
# |
# |
|a Chương 1. Vài nét về nguồn gốc người Dao ở Phú Thọ -- Chương 2. Vài nét về hoạt động kinh tế -- Chương 3. Văn hóa vật thể -- Chương 4. Tổ chức xã hội -- Chương 5. Phong tục và nghi lễ trong gia đình -- Chương 6. Văn hóa phi vật thể.
|
| 650 |
# |
# |
|a Dao (Dân tộc Đông Nam Á)
|z Việt Nam
|z Phú Thọ
|x Văn hóa dân gian.
|
| 700 |
# |
# |
|a Phạm Thị Thiên Nga.
|
| 923 |
# |
# |
|a 02/2017
|
| 991 |
# |
# |
|a SH
|
| 992 |
# |
# |
|a 10000
|
| 994 |
# |
# |
|a DLU
|
| 900 |
# |
# |
|a True
|
| 911 |
# |
# |
|a Nguyễn Thanh Hương
|
| 925 |
# |
# |
|a G
|
| 926 |
# |
# |
|a A
|
| 927 |
# |
# |
|a SH
|
| 980 |
# |
# |
|a Thư viện Trường Đại học Đà Lạt
|